000 00790cam a2200229 a 4500
001 000006525
005 20200929153939.0
008 890227s1988 sp ac b 001 0bspa
020 _a8472232794
040 _aDO-SdBNP
_cDLC
_dBNPHU
082 _a928.51
_bL587C
100 1 _aColinas, Antonio,
_d1946-
_918110
245 1 0 _aHacia el infinito naufragio :
_buna biografía de Giacomo Leopardi /
_cAntonio Colinas.
260 _aBarcelona :
_bTusquets Editores,
_c1988.
300 _a295 p. :
_bil., retrs. ;
_c21 cm.
490 1 _aAndanzas
_v79
504 _aBibliografías: p. 293-295.
600 1 0 _aLEOPARDI, GIACOMO,
_d1798-1837
_vBIOGRAFÍA
_918111
650 4 _aAutores italianos
_ySIGLO XIX
_xBiografía
_918112
830 0 _aAndanzas ;
_v79.
_918113
910 _aCatalogación por copia / LC
999 _c6316
_d6316